The diseases of women with child, and in child-bed : as also the best means of helping them in natural and unnatural labours. With fit remedies for the several indispositions of new-born babes. To which is prefix'd an Anatomical treatise. All illustrated with divers fair figures, correctly engraven in copper. A work much more perfect than any now extant in English; being and very necessary for all chirurgeons and midwives practising this art. Written in French by Francis Mauriceau. Translated by Hugh Chamberlen, M.D.

Bibliographic Details
Main Author: Mauriceau, François, 1637-1709
Other Authors: Chamberlen, Hugh
Format: eBook
Language:English
Published: London : printed for Andrew Bell at the Cross-keys and Bible in Cornhill, near Stocks-market, 1697.
Edition:The third edition corrected.
Series:Early English books online.
Subjects:
Online Access:Connect to the full text of this electronic book

MARC

Tag First Indicator Second Indicator Subfields
LEADER 00000nam a2200000 4500
001 in00004320113
005 20200812080134.0
006 m g d
007 cr bn |||a|bb|
008 950519s1697 enk o 00| | eng d
035 |a (UnM)99829064 
037 |a CL0037000077  |b ProQuest Information and Learning. 300 N. Zeeb Rd., Ann Arbor, MI 48106 
040 |a Cu-RivES  |c Cu-RivES  |d CStRLIN  |e dcrb  |d WaOLN 
100 1 |a Mauriceau, François,  |d 1637-1709. 
240 1 0 |a Traité des maladies des femmes grosses.  |l English. 
245 0 4 |a The diseases of women with child, and in child-bed :  |b as also the best means of helping them in natural and unnatural labours. With fit remedies for the several indispositions of new-born babes. To which is prefix'd an Anatomical treatise. All illustrated with divers fair figures, correctly engraven in copper. A work much more perfect than any now extant in English; being and very necessary for all chirurgeons and midwives practising this art. Written in French by Francis Mauriceau. Translated by Hugh Chamberlen, M.D. 
246 2 |a Of the diseases of women with child. 
246 2 |a Of natural, and unnatural deliveries. 
250 |a The third edition corrected. 
260 |a London :  |b printed for Andrew Bell at the Cross-keys and Bible in Cornhill, near Stocks-market,  |c 1697. 
300 |a 1 online resource (xlvii, [1], 352 pages, [13] leaves of plates (folded) 
336 |a text  |b txt  |2 rdacontent 
337 |a computer  |b c  |2 rdamedia 
338 |a online resource  |b cr  |2 rdacarrier 
500 |a A translation of: Traité des maladies des femmes grosses. 
500 |a With an advertisement on b8v. 
500 |a Running title of Book I reads: Of the diseases of women with child. 
500 |a Running title of Book II reads: Of natural, and unnatural deliveries. 
500 |a Reproduction of the original in the Bodleian Library. 
510 4 |a Wing (2nd edition)  |c M1373. 
533 |a Electronic reproduction.  |b Ann Arbor, Mich. :  |c UMI,  |d 1999-  |f (Early English books online)  |n Digital version of: (Early English books, 1641-1700 ; 1973:07)  |7 s1999 miun s 
650 0 |a Obstetrics  |v Early works to 1800. 
650 0 |a Infants (Newborn)  |x Care  |v Early works to 1800. 
700 1 |a Chamberlen, Hugh. 
830 0 |a Early English books online. 
856 4 0 |u http://proxy.library.tamu.edu/login?url=https://search.proquest.com/docview/2240859115  |z Connect to the full text of this electronic book  |t 0 
999 f f |s 9d1d785f-1a0e-30f4-80b1-4d6cc15ccf58  |i 401107a7-6085-3de8-81ec-5f42223cc27c  |t 0 
952 f f |a Texas A&M University  |b College Station  |c Electronic Resources  |d Available Online  |t 0  |h No information provided 
998 f f |t 0  |l Available Online